[Event "Quebec op U2000"]
[Site "Montreal CAN"]
[Date "2023.07.30"]
[Round "3.28"]
[White "Nardone, Raul"]
[Black "Plante, Michel"]
[Result "0-1"]
[WhiteElo "1765"]
[BlackElo "2010"]
[PlyCount "104"]
[EventDate "2023.07.29"]
[EventType "swiss"]
[EventRounds "9"]
[EventCountry "CAN"]

1. d4 f5 2. Nc3 Nf6 3. Bg5 d5 4. Bxf6 exf6 5. e3 a6 6. Qf3 Be6 7. Bd3 Qd7 8.
Nge2 Bb4 9. O-O Nc6 10. Nf4 Ne7 11. Na4 b6 12. Nxe6 Qxe6 13. c4 Qd7 14. b3 b5
15. cxb5 axb5 16. Nc5 Bxc5 17. dxc5 c6 18. a4 bxa4 19. bxa4 Ra5 20. Qh5+ g6 21.
Qh6 Kf7 22. Rfb1 Qa7 23. Qh4 Kg7 24. Qb4 Ra8 25. Qf4 Rxc5 26. a5 Rxa5 27. Rxa5
Qxa5 28. Bf1 Ra7 29. Rb8 Qc7 30. Qb4 c5 31. Qb2 c4 32. Rb5 c3 33. Qc2 Ra1 34.
Rb3 Qc4 35. Rb1 Qa2 36. Qxa2 Rxa2 37. Rc1 Ra3 38. Bb5 Nc8 39. Kf1 Nd6 40. Bc6
f4 41. Bxd5 fxe3 42. fxe3 f5 43. Ke2 Ne4 44. Rc2 Nc5 45. Ra2 Rxa2+ 46. Bxa2 Kf6
47. Bg8 h6 48. Ba2 g5 49. Bg8 Ke5 50. Ba2 h5 51. Bf7 h4 52. Ba2 c2 0-1

[Event "Quebec op U2000"]
[Site "Montreal CAN"]
[Date "2023.07.30"]
[Round "3.29"]
[White "Democri, Fardin"]
[Black "Giroux, Robert"]
[Result "1-0"]
[WhiteElo "1715"]
[BlackElo "1843"]
[PlyCount "62"]
[EventDate "2023.07.29"]
[EventType "swiss"]
[EventRounds "9"]
[EventCountry "CAN"]

1. e4 e6 2. Nc3 c5 3. Nf3 a6 4. d4 cxd4 5. Nxd4 Nc6 6. Be3 Nf6 7. Qd2 Bb4 8. f3
d5 9. Nxc6 bxc6 10. a3 Ba5 11. b4 Bc7 12. Bc5 Nd7 13. Be3 Bb6 14. Na4 Bc7 15.
Qc3 Qf6 16. Qxc6 Qxa1+ 17. Kf2 O-O 18. Qxa8 d4 19. Bd2 Qxa3 20. Qc6 Nf6 21. Nc5
Bb8 22. Bd3 Ba7 23. Nb3 Bd7 24. Qb7 Bb8 25. Ra1 Qb2 26. Qxa6 Bxh2 27. Ra2 Qb1
28. Bc1 Rc8 29. Rb2 Qxb2 30. Bxb2 e5 31. Nc5 Be8 1-0

[Event "Quebec op U2000"]
[Site "Montreal CAN"]
[Date "2023.07.30"]
[Round "3.30"]
[White "Guillemette, Thomas"]
[Black "Forget, Luc"]
[Result "1-0"]
[WhiteElo "1600"]
[BlackElo "1771"]
[PlyCount "117"]
[EventDate "2023.07.29"]
[EventType "swiss"]
[EventRounds "9"]
[EventCountry "CAN"]

1. e4 e5 2. Nf3 Nf6 3. Nxe5 d6 4. Nf3 Nxe4 5. Nc3 Nxc3 6. dxc3 Be7 7. Bc4 O-O
8. O-O Nc6 9. Nd4 Bd7 10. Be3 Ne5 11. Bd5 c6 12. Be4 Ng4 13. Bf4 Nf6 14. Bf3 d5
15. Re1 c5 16. Nb3 Be6 17. Qe2 Bd6 18. Bxd6 Qxd6 19. Rad1 Rad8 20. Rd2 Qc7 21.
Red1 b6 22. a4 a5 23. Nc1 Bd7 24. b3 Bc6 25. c4 Rde8 26. Qf1 d4 27. Rd3 Re6 28.
c3 Bxf3 29. Rxf3 Rfe8 30. cxd4 cxd4 31. h3 Re4 32. Rfd3 Qc5 33. R3d2 g6 34. Ne2
Qe5 35. Nxd4 Re1 36. Rxe1 Qxe1 37. Qxe1 Rxe1+ 38. Kh2 Rb1 39. f3 Nd7 40. Rd3
Nc5 41. Re3 h5 42. Kg3 Rb2 43. Re8+ Kg7 44. Rb8 Rd2 45. Nc6 h4+ 46. Kh2 Ne6 47.
Rxb6 Nf4 48. Nxa5 Rxg2+ 49. Kh1 Rg3 50. Rd6 Rxf3 51. Rd2 g5 52. c5 Nxh3 53. c6
Nf4 54. c7 Rf1+ 55. Kh2 g4 56. Rg2 Nxg2 57. Kxg2 Rc1 58. Nc4 Rc2+ 59. Kf1 1-0

[Event "Quebec op U2000"]
[Site "Montreal CAN"]
[Date "2023.07.30"]
[Round "3.31"]
[White "Omichi, Haruaki"]
[Black "Cloutier, Jean-Pierre"]
[Result "1/2-1/2"]
[WhiteElo "1568"]
[BlackElo "1654"]
[PlyCount "107"]
[EventDate "2023.07.29"]
[EventType "swiss"]
[EventRounds "9"]
[EventCountry "CAN"]

1. e4 g6 2. d4 Bg7 3. c4 c5 4. Nf3 cxd4 5. Nxd4 Nc6 6. Nc2 d6 7. Nc3 Nf6 8. Be2
O-O 9. O-O Be6 10. f4 Rc8 11. Rb1 a5 12. Be3 h5 13. h3 Nb4 14. b3 b5 15. Nd4
Bd7 16. a3 Na6 17. Qd2 b4 18. axb4 axb4 19. Nd5 Nxe4 20. Qe1 Rb8 21. Bf3 Nec5
22. Nc2 Bf5 23. Bxc5 Bxc2 24. Nxe7+ Kh7 25. Nc6 Qc7 26. Rc1 Rbe8 27. Qd2 dxc5
28. Rxc2 Nb8 29. Qd5 Nxc6 30. Qxc6 Bd4+ 31. Kh1 Qxf4 32. Be2 Qg3 33. Qf3 Re3
34. Qxg3 Rxg3 35. Rf3 Rxf3 36. Bxf3 Re8 37. Re2 Rxe2 38. Bxe2 h4 39. Kh2 Bf2
40. Bf3 f5 41. Bc6 Kh6 42. Bd7 Kg5 43. Be8 Kf6 44. Kh1 g5 45. Bd7 Ke5 46. Kh2
Kf4 47. Kh1 g4 48. Kh2 Bg3+ 49. Kg1 gxh3 50. gxh3 Ke4 51. Kg2 f4 52. Bc6+ Kd3
53. Kf3 Kc3 54. Ba4 1/2-1/2

[Event "Quebec op U2000"]
[Site "Montreal CAN"]
[Date "2023.07.30"]
[Round "3.32"]
[White "Audet, Olivier"]
[Black "Yang, Jing Yao"]
[Result "0-1"]
[WhiteElo "1544"]
[BlackElo "1555"]
[PlyCount "90"]
[EventDate "2023.07.29"]
[EventType "swiss"]
[EventRounds "9"]
[EventCountry "CAN"]

1. c4 c5 2. Nc3 Nc6 3. g3 g6 4. Bg2 Bg7 5. d3 e6 6. e4 Nge7 7. Be3 Nd4 8. Nge2
Nec6 9. O-O d6 10. Rb1 O-O 11. a3 Bd7 12. b4 Rb8 13. b5 Ne7 14. Bxd4 cxd4 15.
Na2 e5 16. Nb4 f5 17. f4 fxe4 18. Bxe4 Bf5 19. Bg2 Qb6 20. Qb3 Kh8 21. Kh1 Bg4
22. Ng1 Nf5 23. Nd5 Qc5 24. Bf3 Bxf3+ 25. Rxf3 Ne3 26. Nxe3 dxe3 27. Re1 exf4
28. gxf4 Rbe8 29. Ne2 Qh5 30. Ref1 Qc5 31. Qb4 Bd4 32. Qxc5 dxc5 33. f5 Kg7 34.
Kg2 a6 35. fxg6 Rxf3 36. Rxf3 hxg6 37. Nxd4 cxd4 38. Kf1 Rf8 39. Ke2 Rxf3 40.
Kxf3 Kf6 41. a4 a5 42. c5 Ke5 43. c6 bxc6 44. b6 Kd6 45. Ke2 c5 0-1

[Event "Quebec op U2000"]
[Site "Montreal CAN"]
[Date "2023.07.30"]
[Round "3.33"]
[White "Fiset, Anais Chloe"]
[Black "Arsenault, Alexis"]
[Result "1-0"]
[WhiteElo "1457"]
[BlackElo "1667"]
[PlyCount "43"]
[EventDate "2023.07.29"]
[EventType "swiss"]
[EventRounds "9"]
[EventCountry "CAN"]

1. e4 c5 2. Nf3 d6 3. Bb5+ Bd7 4. Bxd7+ Qxd7 5. c4 Nc6 6. Nc3 Nf6 7. d4 cxd4 8.
Nxd4 e6 9. O-O Be7 10. b3 O-O 11. Re1 Rac8 12. h3 Rfd8 13. Be3 d5 14. exd5 exd5
15. Nxc6 Qxc6 16. Nxd5 Nxd5 17. cxd5 Rxd5 18. Qf3 Bc5 19. Rac1 Re5 20. b4 Rxe3
21. Rxe3 Qxf3 22. gxf3 1-0

[Event "Quebec op U2000"]
[Site "Montreal CAN"]
[Date "2023.07.30"]
[Round "3.34"]
[White "Alcantara, Maximo"]
[Black "Ouni, Iheb"]
[Result "1-0"]
[WhiteElo "1875"]
[BlackElo "1189"]
[PlyCount "67"]
[EventDate "2023.07.29"]
[EventType "swiss"]
[EventRounds "9"]
[EventCountry "CAN"]

1. e4 c6 2. d4 d5 3. exd5 cxd5 4. Nf3 Nf6 5. c3 Bf5 6. Bd3 Bxd3 7. Qxd3 e6 8.
Bf4 Bd6 9. Qb5+ Qd7 10. Qxd7+ Kxd7 11. Bxd6 Kxd6 12. Nbd2 Nbd7 13. O-O Rhe8 14.
Rfe1 e5 15. dxe5+ Nxe5 16. Nxe5 Rxe5 17. Rxe5 Kxe5 18. Nf3+ Kf4 19. Rd1 Rd8 20.
Rd4+ Ne4 21. Nd2 Re8 22. f3 f5 23. fxe4 dxe4 24. Kf2 Kg5 25. Ke2 e3 26. Nf3+
Kf6 27. h4 h6 28. g3 g5 29. Rd6+ Re6 30. hxg5+ hxg5 31. Rxe6+ Kxe6 32. Nxg5+
Kf6 33. Nf3 Ke6 34. Kxe3 1-0

[Event "Quebec op U2000"]
[Site "Montreal CAN"]
[Date "2023.07.30"]
[Round "3.35"]
[White "Bedhouche, Rayan"]
[Black "Morin, Louis"]
[Result "1/2-1/2"]
[WhiteElo "1850"]
[BlackElo "1806"]
[PlyCount "121"]
[EventDate "2023.07.29"]
[EventType "swiss"]
[EventRounds "9"]
[EventCountry "CAN"]

1. e4 e5 2. Nf3 d6 3. d4 Nf6 4. Nc3 Nbd7 5. Bc4 Be7 6. O-O O-O 7. a4 c6 8. a5
Rb8 9. Re1 b5 10. axb6 axb6 11. h3 b5 12. Bb3 c5 13. dxe5 dxe5 14. Nd5 c4 15.
Ba2 Nxd5 16. exd5 Nb6 17. Nxe5 Qxd5 18. Qxd5 Nxd5 19. Nc6 Rb7 20. Nxe7+ Rxe7
21. Rxe7 Nxe7 22. b3 c3 23. Ba3 Re8 24. Rd1 Nc6 25. b4 Be6 26. Rd6 Bxa2 27.
Rxc6 Bc4 28. Bc1 Re1+ 29. Kh2 h6 30. Be3 Re2 31. Ra6 Rxc2 32. Ra3 Rb2 33. Rxc3
Rxb4 34. Bc5 Rb1 35. Rg3 Be6 36. Bd4 g6 37. Ra3 Kf8 38. Ra7 f5 39. Bg7+ Ke8 40.
Bxh6 b4 41. Bg5 Bd7 42. Ra6 Kf7 43. Rf6+ Kg7 44. Rb6 Be8 45. Bf6+ Kf7 46. Bc3
b3 47. h4 Ke7 48. Kg3 Kd7 49. Be5 Re1 50. Bc3 Rb1 51. Rb8 Bf7 52. Rb7+ Ke6 53.
Rb5 Kd6 54. Rb7 Ke6 55. Kf4 Be8 56. f3 Kd5 57. Rb8 Ba4 58. Rb4 Be8 59. Rb8 Ba4
60. Rb4 Be8 61. Rb8 1/2-1/2

[Event "Quebec op U2000"]
[Site "Montreal CAN"]
[Date "2023.07.30"]
[Round "3.36"]
[White "Morais, Antoine"]
[Black "Chasles, Jean-Benoit"]
[Result "0-1"]
[WhiteElo "1532"]
[BlackElo "1825"]
[PlyCount "118"]
[EventDate "2023.07.29"]
[EventType "swiss"]
[EventRounds "9"]
[EventCountry "CAN"]

1. e4 c5 2. Nf3 g6 3. d4 cxd4 4. Nxd4 Bg7 5. c4 Nc6 6. Be3 Nf6 7. Nc3 O-O 8.
Be2 d6 9. f3 Nxd4 10. Bxd4 b6 11. O-O Bb7 12. Rc1 e6 13. Qd2 d5 14. e5 Nd7 15.
f4 f6 16. Qe3 fxe5 17. fxe5 Qh4 18. Rxf8+ Rxf8 19. Rf1 Rxf1+ 20. Bxf1 Bh6 21.
Qd3 dxc4 22. Qxc4 Kf7 23. Nb5 Bd5 24. Nd6+ Kg7 25. Qc3 Bg5 26. Bf2 Qa4 27. b3
Qc6 28. Qxc6 Bxc6 29. Bc4 Nxe5 30. Bxe6 Kf6 31. Bc4 Nxc4 32. Nxc4 Ke6 33. Kf1
Be4 34. Ne3 Ke5 35. h4 Be7 36. Ke2 Bb1 37. a3 Ke4 38. b4 b5 39. Nd1 Bd3+ 40.
Kd2 Bc4 41. Nc3+ Kf4 42. Nd1 a6 43. Ne3 Be6 44. Ke2 Ke4 45. Kd2 Bf6 46. Nd1 Kf4
47. Kd3 Bc4+ 48. Kd2 Bd5 49. g3+ Kf3 50. Be1 Be5 51. Ne3 Be6 52. Nf1 Bh3 53.
Ne3 Bxg3 54. Nd5 Bxe1+ 55. Kxe1 Kg3 56. Nc7 Bc8 57. Ne8 Kxh4 58. Kf2 Kg5 59.
Kg3 h5 0-1

[Event "Quebec op U2000"]
[Site "Montreal CAN"]
[Date "2023.07.30"]
[Round "3.37"]
[White "Baran, Marius"]
[Black "Beaulieu, Pierre"]
[Result "0-1"]
[WhiteElo "1803"]
[BlackElo "1758"]
[PlyCount "120"]
[EventDate "2023.07.29"]
[EventType "swiss"]
[EventRounds "9"]
[EventCountry "CAN"]

1. d4 Nf6 2. c4 e6 3. Nc3 Bb4 4. Qc2 b6 5. a3 Bxc3+ 6. Qxc3 Bb7 7. Nf3 O-O 8.
g3 h6 9. Bg2 d6 10. O-O Nbd7 11. b4 c5 12. Bb2 Rc8 13. Rfd1 Qc7 14. Rac1 Rfe8
15. dxc5 dxc5 16. b5 Rcd8 17. Rd2 e5 18. Qc2 e4 19. Nh4 e3 20. fxe3 Bxg2 21.
Nxg2 Ne4 22. Rdd1 Ndf6 23. Rxd8 Rxd8 24. Bxf6 Nxf6 25. Rd1 Rxd1+ 26. Qxd1 Qd7
27. Qd3 Qc7 28. Nf4 Qe5 29. Nd5 Ne4 30. Qc2 f5 31. Nf4 g5 32. Nd3 Qe6 33. Kg2
Nd6 34. Qc3 Nxc4 35. Kf1 Nxe3+ 36. Ke1 Nd5 37. Qe5 Qxe5 38. Nxe5 Kf8 39. Kd2
Ne7 40. Kd3 Nc8 41. Nc6 Kf7 42. a4 Ke6 43. Nd8+ Ke7 44. Nc6+ Kf6 45. e4 h5 46.
exf5 Kxf5 47. h3 h4 48. gxh4 gxh4 49. Ke3 c4 50. Kf3 Kg5 51. Ke3 c3 52. Nd4 Ne7
53. Kd3 Kf4 54. Kxc3 Kg3 55. Nc6 Nc8 56. Kd3 Kxh3 57. Ke2 Kg2 58. Ne5 h3 59.
Nf3 Nd6 60. Ne1+ Kg3 0-1

[Event "Quebec op U2000"]
[Site "Montreal CAN"]
[Date "2023.07.30"]
[Round "3.38"]
[White "Brassard, Sylvain"]
[Black "Selling, Edward"]
[Result "1-0"]
[WhiteElo "1725"]
[BlackElo "1625"]
[PlyCount "75"]
[EventDate "2023.07.29"]
[EventType "swiss"]
[EventRounds "9"]
[EventCountry "CAN"]

1. d4 Nf6 2. Nf3 g6 3. Bf4 Bg7 4. e3 d6 5. h3 O-O 6. Be2 Nfd7 7. c3 Nc6 8. O-O
e5 9. dxe5 Ndxe5 10. Nd4 Bd7 11. Nd2 a6 12. N2f3 Rb8 13. Qc2 Qc8 14. Bg3 Nxf3+
15. Nxf3 Ne5 16. Nxe5 Bxe5 17. Bxe5 dxe5 18. Rad1 Bc6 19. Rd2 Qe6 20. b3 Qe7
21. Rfd1 Qg5 22. Bf1 Rbd8 23. c4 Qe7 24. Qc3 Rd7 25. Rxd7 Bxd7 26. Qd2 Bf5 27.
g3 Be4 28. Bg2 Bxg2 29. Kxg2 Rc8 30. Qd5 c6 31. Qd7 Qxd7 32. Rxd7 Rb8 33. Kf3
Kg7 34. Ke4 h5 35. Kxe5 b5 36. c5 Re8+ 37. Kd6 Re6+ 38. Kc7 1-0

[Event "Quebec op U2000"]
[Site "Montreal CAN"]
[Date "2023.07.30"]
[Round "3.39"]
[White "Blanchet, Robert"]
[Black "St-Germain, Jack"]
[Result "0-1"]
[WhiteElo "1810"]
[BlackElo "1635"]
[PlyCount "60"]
[EventDate "2023.07.29"]
[EventType "swiss"]
[EventRounds "9"]
[EventCountry "CAN"]

1. e4 c5 2. Nf3 d6 3. d4 cxd4 4. Nxd4 Nf6 5. Nc3 Nc6 6. Be2 g6 7. f3 Bg7 8. Be3
O-O 9. Qd2 d5 10. Nxc6 bxc6 11. e5 Nd7 12. f4 g5 13. g3 Qa5 14. h4 g4 15. Bxg4
Nxe5 16. Be2 Ng4 17. Bd4 e5 18. fxe5 c5 19. Bg1 d4 20. Ne4 Qxd2+ 21. Kxd2 Bb7
22. Bxg4 Bxe4 23. Rh2 Bh6+ 24. Kd1 f5 25. Re2 d3 26. Rxe4 fxe4 27. Bh3 Rf3 28.
cxd3 Rxd3+ 29. Ke1 Re8 30. e6 Rxg3 0-1

[Event "Quebec op U2000"]
[Site "Montreal CAN"]
[Date "2023.07.31"]
[Round "4.21"]
[White "Tachijian, Mardig"]
[Black "Espagnol-Echeverria, Manuel"]
[Result "1-0"]
[WhiteElo "1717"]
[BlackElo "1806"]
[PlyCount "101"]
[EventDate "2023.07.29"]
[EventType "swiss"]
[EventRounds "9"]
[EventCountry "CAN"]

1. e4 e5 2. Nf3 Nc6 3. Nc3 Nf6 4. d4 Bb4 5. Nxe5 Nxe4 6. Qg4 d5 7. Qxg7 Qf6 8.
Qxf6 Nxf6 9. Nxc6 bxc6 10. Bd2 Bf5 11. Bd3 Bxd3 12. cxd3 Rg8 13. g3 h5 14. h3
Kd7 15. O-O-O Rab8 16. Kc2 Nh7 17. Rde1 Nf8 18. a3 Bd6 19. Be3 Ne6 20. Na4 Rb5
21. b4 a5 22. Nc5+ Ke7 23. Bd2 Rgb8 24. Bg5+ Kf8 25. Nd7+ Kg8 26. Nxb8 Rxb8 27.
Bf6 Kh7 28. Be5 axb4 29. Bxd6 Nxd4+ 30. Kb2 bxa3+ 31. Kc3 Nb5+ 32. Kb3 cxd6 33.
Ka2 d4 34. Re7 Kg6 35. Rhe1 c5 36. f4 Ra8 37. Kb3 a2 38. Ra1 Nc3 39. Rb7 Kf6
40. g4 hxg4 41. hxg4 Ke6 42. f5+ Kf6 43. Rd7 d5 44. Rc7 Ra3+ 45. Kb2 Ra5 46.
Kc2 Rb5 47. Re7 Kg5 48. Rxf7 Kxg4 49. f6 c4 50. Rg7+ Kf3 51. f7 1-0

[Event "Quebec op U2000"]
[Site "Montreal CAN"]
[Date "2023.07.31"]
[Round "4.22"]
[White "De Lagrave, Sylvain"]
[Black "Kozlov, Guennadi"]
[Result "1/2-1/2"]
[WhiteElo "1792"]
[BlackElo "1321"]
[PlyCount "62"]
[EventDate "2023.07.29"]
[EventType "swiss"]
[EventRounds "9"]
[EventCountry "CAN"]

1. e4 c6 2. d4 d5 3. e5 Bf5 4. Nf3 e6 5. Be2 c5 6. Be3 cxd4 7. Nxd4 Ne7 8. Nd2
Nbc6 9. N2f3 a6 10. O-O h6 11. c4 Bg6 12. cxd5 Nxd5 13. Nxc6 bxc6 14. Qa4 Qd7
15. Rac1 Be7 16. Bd2 O-O 17. Qxc6 Qxc6 18. Rxc6 Rfb8 19. Rxa6 Rxa6 20. Bxa6
Rxb2 21. Bc4 Be4 22. Bc1 Rc2 23. Bb3 Rc8 24. Bb2 Bb4 25. Rc1 Rxc1+ 26. Bxc1 Ne7
27. Nd2 Bd3 28. Nc4 Nc6 29. f4 Nd4 30. Be3 Nxb3 31. axb3 Bc2 1/2-1/2

[Event "Quebec op U2000"]
[Site "Montreal CAN"]
[Date "2023.07.31"]
[Round "4.23"]
[White "Hu, Raymond"]
[Black "Craciun, David"]
[Result "0-1"]
[WhiteElo "1449"]
[BlackElo "1930"]
[PlyCount "50"]
[EventDate "2023.07.29"]
[EventType "swiss"]
[EventRounds "9"]
[EventCountry "CAN"]

1. e4 e5 2. Nf3 Nc6 3. Bb5 a6 4. Ba4 Nf6 5. O-O Be7 6. Re1 b5 7. Bb3 O-O 8. c3
d5 9. exd5 Nxd5 10. Nxe5 Nxe5 11. Rxe5 c6 12. d4 Bd6 13. Re1 Qh4 14. g3 Qh3 15.
Re4 g5 16. Qf1 Qh5 17. Qe2 Qg6 18. Re8 Bh3 19. Rxa8 Rxa8 20. Bxd5 cxd5 21. Be3
Re8 22. f3 Bf4 23. gxf4 gxf4+ 24. Kh1 Rxe3 25. Qf2 Re1+ 0-1

[Event "Quebec op U2000"]
[Site "Montreal CAN"]
[Date "2023.07.31"]
[Round "4.24"]
[White "Plante, Michel"]
[Black "Cloutier, Eric"]
[Result "1/2-1/2"]
[WhiteElo "2010"]
[BlackElo "1815"]
[PlyCount "66"]
[EventDate "2023.07.29"]
[EventType "swiss"]
[EventRounds "9"]
[EventCountry "CAN"]

1. d4 c6 2. Nc3 d5 3. Bf4 Bf5 4. e3 Nf6 5. Nf3 h6 6. Ne5 Nbd7 7. g4 Bh7 8. h4
Nxe5 9. dxe5 Ne4 10. Nxe4 Bxe4 11. f3 Qa5+ 12. c3 Bg6 13. Bd3 Bxd3 14. Qxd3 e6
15. Kf2 Qb6 16. b3 Be7 17. g5 g6 18. gxh6 Qd8 19. Kg3 Kd7 20. Kg4 Qf8 21. Bg5
Rxh6 22. c4 Bxg5 23. hxg5 Rxh1 24. Rxh1 Qg7 25. cxd5 exd5 26. Qd4 Ke6 27. f4
Rh8 28. Qb4 Qf8 29. Qxb7 Rxh1 30. Qxc6+ Ke7 31. Qd6+ Ke8 32. Qc6+ Ke7 33. Qd6+
Ke8 1/2-1/2

[Event "Quebec op U2000"]
[Site "Montreal CAN"]
[Date "2023.07.31"]
[Round "4.25"]
[White "Duval, Mathieu"]
[Black "Alcantara, Maximo"]
[Result "0-1"]
[WhiteElo "1744"]
[BlackElo "1875"]
[PlyCount "64"]
[EventDate "2023.07.29"]
[EventType "swiss"]
[EventRounds "9"]
[EventCountry "CAN"]

1. d4 Nf6 2. c4 d6 3. Nc3 g6 4. e4 Bg7 5. f4 Bg4 6. Be2 Bxe2 7. Ngxe2 e6 8. O-O
O-O 9. Rb1 Nbd7 10. b4 Nb6 11. Qb3 d5 12. exd5 exd5 13. c5 Nc4 14. f5 Ng4 15.
fxg6 fxg6 16. Bf4 c6 17. Nd1 Qe7 18. Qf3 Nd2 19. Qxg4 Nxb1 20. Nf2 Na3 21. Bd6
Qe3 22. Bxf8 Rxf8 23. Ng3 Bxd4 24. Kh1 Rxf2 25. Qc8+ Kf7 26. Qc7+ Qe7 27. Rxf2+
Bxf2 28. Qf4+ Qf6 29. Qc7+ Kg8 30. Qc8+ Kg7 31. Qc7+ Kh6 32. Nf1 Be3 0-1

[Event "Quebec op U2000"]
[Site "Montreal CAN"]
[Date "2023.07.31"]
[Round "4.26"]
[White "Yang, Jing Yao"]
[Black "Guillemette, Thomas"]
[Result "0-1"]
[WhiteElo "1555"]
[BlackElo "1600"]
[PlyCount "68"]
[EventDate "2023.07.29"]
[EventType "swiss"]
[EventRounds "9"]
[EventCountry "CAN"]

1. d4 Nf6 2. c4 g6 3. Nc3 Bg7 4. e4 d6 5. h3 O-O 6. Be3 e5 7. d5 c6 8. g4 cxd5
9. cxd5 Qa5 10. Qd2 Nbd7 11. f3 Nc5 12. h4 Nb3 13. axb3 Qxa1+ 14. Kf2 h5 15.
gxh5 Nxh5 16. Nge2 Qa5 17. Ng3 Nxg3 18. Kxg3 f5 19. exf5 gxf5 20. Bg5 f4+ 21.
Kh2 Qc7 22. Rg1 Bf5 23. Bd3 Qd7 24. Bh6 Rf7 25. Ne4 Kf8 26. Qg2 Qe7 27. Bg5 Qd7
28. Nf6 Bxf6 29. Bxf6 Ke8 30. Bxf5 Qxf5 31. Bg5 Rc8 32. Rf1 Rfc7 33. Kg1 Rc2
34. Rf2 Rxf2 0-1

[Event "Quebec op U2000"]
[Site "Montreal CAN"]
[Date "2023.07.31"]
[Round "4.27"]
[White "Beaupre, Eugene"]
[Black "Fiset, Anais Chloe"]
[Result "0-1"]
[WhiteElo "1825"]
[BlackElo "1457"]
[PlyCount "62"]
[EventDate "2023.07.29"]
[EventType "swiss"]
[EventRounds "9"]
[EventCountry "CAN"]

1. e4 c6 2. d4 d5 3. f3 e6 4. Nc3 Bb4 5. e5 Ne7 6. Bg5 Bxc3+ 7. bxc3 Qa5 8. Qd2
Ng6 9. Bd3 c5 10. Ne2 Nc6 11. Bxg6 hxg6 12. O-O O-O 13. Qd3 b6 14. Rf2 Ba6 15.
Qe3 Rfc8 16. Nf4 Rc7 17. h4 Rac8 18. h5 cxd4 19. cxd4 Nb4 20. hxg6 Nxc2 21.
Rxc2 Rxc2 22. gxf7+ Kxf7 23. Nh5 Qc3 24. Qf4+ Kg8 25. Nf6+ gxf6 26. Bxf6 Qxa1+
27. Kh2 Rxg2+ 28. Kxg2 Rc2+ 29. Kg3 Qg1+ 30. Kh3 Bf1+ 31. Kh4 Rh2+ 0-1

[Event "Quebec op U2000"]
[Site "Montreal CAN"]
[Date "2023.07.31"]
[Round "4.28"]
[White "Madanchi, Ata"]
[Black "Democri, Fardin"]
[Result "0-1"]
[WhiteElo "1836"]
[BlackElo "1715"]
[PlyCount "85"]
[EventDate "2023.07.29"]
[EventType "swiss"]
[EventRounds "9"]
[EventCountry "CAN"]

1. e4 c6 2. Nf3 d5 3. exd5 cxd5 4. Ne5 a6 5. d4 Nc6 6. c3 Nxe5 7. dxe5 Bf5 8.
Bd3 Bxd3 9. Qxd3 e6 10. O-O Qc7 11. f4 Bc5+ 12. Kh1 Ne7 13. Nd2 h5 14. Nf3 Nf5
15. Ng5 O-O-O 16. a4 h4 17. Rf3 Rde8 18. Rh3 f6 19. Nxe6 Rxe6 20. Qxf5 Qf7 21.
Be3 g6 22. Qd3 Bxe3 23. Rxe3 Rd8 24. Rae1 f5 25. Qd4 Qe7 26. Qa7 g5 27. Qd4 g4
28. Qd3 Qf7 29. Qd4 Qe7 30. Rd3 Qc7 31. Red1 Rc6 32. b3 h3 33. gxh3 gxh3 34.
Rxh3 Qg7 35. c4 Qg4 36. Rg3 Qh4 37. cxd5 Rh6 38. Rg2 Rdh8 39. Qd2 Qh3 40. d6
Qf3 41. d7+ Kd8 42. Qa5+ b6 43. Qd5 0-1

[Event "Quebec op U2000"]
[Site "Montreal CAN"]
[Date "2023.07.31"]
[Round "4.29"]
[White "Chasles, Jean-Benoit"]
[Black "Omichi, Haruaki"]
[Result "1-0"]
[WhiteElo "1825"]
[BlackElo "1568"]
[PlyCount "67"]
[EventDate "2023.07.29"]
[EventType "swiss"]
[EventRounds "9"]
[EventCountry "CAN"]

1. e4 c5 2. Nf3 Nc6 3. d4 cxd4 4. Nxd4 g6 5. Nc3 Bg7 6. Be3 Nf6 7. Bc4 d6 8. f3
O-O 9. Qd2 Bd7 10. O-O-O Rc8 11. Bb3 Nxd4 12. Bxd4 b5 13. g4 a5 14. h4 a4 15.
Bd5 b4 16. Nb1 Nxd5 17. Bxg7 b3 18. axb3 axb3 19. c3 Nb4 20. Qh6 Na2+ 21. Kd2
Qa5 22. Bxf8 Rxf8 23. Qg5 Qb6 24. Qe3 Qa5 25. g5 f6 26. h5 Qxg5 27. Qxg5 fxg5
28. Ke3 Kg7 29. h6+ Kf6 30. Rd5 Bc6 31. Ra5 Ke6 32. Nd2 Rb8 33. Rxg5 d5 34. e5
1-0

[Event "Quebec op U2000"]
[Site "Montreal CAN"]
[Date "2023.07.31"]
[Round "4.30"]
[White "Giroux, Robert"]
[Black "Liu, Lucas"]
[Result "1/2-1/2"]
[WhiteElo "1843"]
[BlackElo "1613"]
[PlyCount "59"]
[EventDate "2023.07.29"]
[EventType "swiss"]
[EventRounds "9"]
[EventCountry "CAN"]

1. Nf3 d5 2. b3 Bf5 3. Bb2 Nd7 4. e3 Ngf6 5. Be2 e6 6. Nh4 Bg6 7. O-O Bd6 8. c4
c6 9. f4 Bxb1 10. Rxb1 O-O 11. Nf3 Qc7 12. d4 b6 13. Ne5 Ne4 14. Bd3 f6 15.
Nxd7 Qxd7 16. Bxe4 dxe4 17. Qc2 f5 18. c5 Be7 19. Rbd1 b5 20. a3 a5 21. Rb1 a4
22. b4 Qd5 23. Bc1 Kh8 24. Kh1 Rg8 25. g3 Raf8 26. Rg1 g5 27. Bd2 Rg6 28. Rg2
Rfg8 29. Rbg1 g4 30. Be1 1/2-1/2

[Event "Quebec op U2000"]
[Site "Montreal CAN"]
[Date "2023.07.31"]
[Round "4.31"]
[White "Arsenault, Alexis"]
[Black "Bedhouche, Rayan"]
[Result "0-1"]
[WhiteElo "1667"]
[BlackElo "1850"]
[PlyCount "78"]
[EventDate "2023.07.29"]
[EventType "swiss"]
[EventRounds "9"]
[EventCountry "CAN"]

1. e4 e6 2. d4 d5 3. Nc3 Bb4 4. exd5 exd5 5. Bd3 Nf6 6. Nf3 O-O 7. O-O h6 8.
Ne2 Ne4 9. Ne5 Nd7 10. f4 c5 11. c3 Ba5 12. Nxd7 Bxd7 13. Bxe4 dxe4 14. dxc5
Bb5 15. Qxd8 Raxd8 16. Kf2 Rfe8 17. Be3 Bc7 18. Rfd1 Bd3 19. g3 Rd5 20. Rd2 Rh5
21. h4 g5 22. b3 Bxe2 23. Kxe2 gxf4 24. gxf4 Rxh4 25. Rg1+ Kf8 26. f5 Bf4 27.
Rf1 Bxe3 28. Kxe3 Rh3+ 29. Kf4 Rxc3 30. f6 Rxc5 31. Rg1 Rc6 32. Kf5 Rc5+ 33.
Kf4 Rg5 34. Rxg5 hxg5+ 35. Kxg5 e3 36. Rh2 Kg8 37. Re2 Re6 38. Kf5 Kf8 39. Rh2
Ke8 0-1

[Event "Quebec op U2000"]
[Site "Montreal CAN"]
[Date "2023.07.31"]
[Round "4.32"]
[White "Morin, Louis"]
[Black "Nardone, Raul"]
[Result "0-1"]
[WhiteElo "1806"]
[BlackElo "1765"]
[PlyCount "100"]
[EventDate "2023.07.29"]
[EventType "swiss"]
[EventRounds "9"]
[EventCountry "CAN"]

1. e4 c5 2. d4 cxd4 3. c3 Nf6 4. e5 Nd5 5. Qxd4 e6 6. Bc4 Nc6 7. Qe4 f5 8. exf6
Nxf6 9. Qe2 Be7 10. Nf3 d5 11. Bd3 Qc7 12. O-O e5 13. Bb5 e4 14. Nd4 O-O 15. h3
a6 16. Ba4 b5 17. Nxc6 Qxc6 18. Bb3 Kh8 19. Be3 a5 20. Rc1 Ba6 21. Qd1 a4 22.
Bc2 Nd7 23. a3 Ne5 24. Nd2 Rad8 25. Bd4 Ng6 26. Nf1 Bc8 27. Qd2 Nf4 28. Be3 Bd6
29. Bxf4 Bxf4 30. Ne3 Qg6 31. Kf1 Qh6 32. Ke1 Rd6 33. Qe2 Bxe3 34. Qxe3 Qxe3+
35. fxe3 Rdf6 36. Bd1 Rf1+ 37. Kd2 R1f2+ 38. Be2 Rxg2 39. Rf1 Rgf2 40. Rxf2
Rxf2 41. Rf1 Rxf1 42. Bxf1 Bd7 43. Kc2 g5 44. b3 h5 45. bxa4 bxa4 46. c4 dxc4
47. Kc3 Be6 48. Kd4 Kg7 49. Kxe4 c3 50. Kd3 Bc4+ 0-1

[Event "Quebec op U2000"]
[Site "Montreal CAN"]
[Date "2023.07.31"]
[Round "4.33"]
[White "Forget, Luc"]
[Black "Brassard, Sylvain"]
[Result "0-1"]
[WhiteElo "1771"]
[BlackElo "1725"]
[PlyCount "74"]
[EventDate "2023.07.29"]
[EventType "swiss"]
[EventRounds "9"]
[EventCountry "CAN"]

1. d4 d5 2. c4 Nc6 3. Nf3 Bg4 4. cxd5 Bxf3 5. gxf3 Qxd5 6. e3 e5 7. Nc3 Bb4 8.
Bd2 Bxc3 9. bxc3 Qd6 10. Rb1 b6 11. f4 exf4 12. e4 Nge7 13. Qf3 O-O 14. Qxf4
Qe6 15. Bd3 f5 16. O-O fxe4 17. Qxe4 Qxe4 18. Bxe4 Rad8 19. Bg5 h6 20. Bxc6
hxg5 21. Be4 Nd5 22. Bxd5+ Rxd5 23. Rbe1 Ra5 24. Re7 Rf7 25. Rxf7 Kxf7 26. f4
Rxa2 27. fxg5+ Kg6 28. Re1 Rc2 29. Re6+ Kxg5 30. Rc6 a5 31. Rxc7 g6 32. Rc6 Rb2
33. d5 a4 34. d6 Kf6 35. Rc4 a3 36. Rd4 a2 37. d7 a1=Q+ 0-1